LIBRARY & INFORMATION CENTRE, KCAET, TAVANUR

ONLINE PUBLIC ACCESS CATALOGUE (OPAC)

Picture of Dorian Gray / (Record no. 5149)

MARC details
000 -LEADER
fixed length control field 00349cam a2200145ua 4500
041 ## - LANGUAGE CODE
Language code of text/sound track or separate title eng
082 ## - DEWEY DECIMAL CLASSIFICATION NUMBER
Classification number 823.308
Item number WIL/PI
100 ## - MAIN ENTRY--AUTHOR NAME
Personal name Wilde, Oscar .
245 ## - TITLE STATEMENT
Title Picture of Dorian Gray /
260 ## - PUBLICATION, DISTRIBUTION, ETC. (IMPRINT)
Place of publication New York :
Name of publisher Book INC ,
Year of publication 1945.
300 ## - PHYSICAL DESCRIPTION
Number of Pages 220 ; .
942 ## - ADDED ENTRY ELEMENTS (KOHA)
Koha item type Books
Holdings
Withdrawn status Lost status Damaged status Home library Current library Date acquired Full call number Accession Number Koha item type
Withdrawn   Damaged KAUAET KAUAET 07/04/2012 823.308 13282 Books
free website counter